[Event "Europa ch 2014"]
[Site "Yerevan ARM"]
[Date "2014.03.06"]
[Round "4.5"]
[White "Shimanov, Aleksandr"]
[Black "Jobava, Baadur"]
[Result "1-0"]
[WhiteElo "2649"]
[BlackElo "2716"]
[PlyCount "105"]
[EventDate "2014.03.03"]
[EventType "swiss"]
[EventRounds "11"]
[EventCountry "ARM"]
[Source "lmi"]
[SourceDate "2014.03.02"]

1. d4 Nf6 2. Nf3 d5 3. c4 c6 4. Nc3 dxc4 5. a4 Bg4 6. Ne5 Bh5 7. f3 Nfd7 8.
Nxc4 e5 9. e4 Qh4+ 10. g3 Qf6 11. dxe5 Qxf3 12. Nd6+ Ke7 13. Qb3 Nxe5 14. Qxb7+
Kf6 15. Rg1 Bxd6 16. Be2 Nbd7 17. Bxf3 Nc5 18. Nd5+ cxd5 19. Qxd5 Nxf3+ 20. Kf1
Be5 21. Qxc5 Rac8 22. Qf2 Bd4 23. Be3 Bxe3 24. Qxe3 Nxh2+ 25. Kg2 Rc2+ 26. Kh3
Bg4+ 27. Kh4 h5 28. Qg5+ Ke6 29. Qd5+ Ke7 30. Qb7+ Kf8 31. Kg5 f6+ 32. Kf4 Re2
33. Qb4+ Kg8 34. Qc4+ Kh7 35. Qxe2 Bxe2 36. Rg2 g5+ 37. Ke3 Ng4+ 38. Kxe2 Rb8
39. Kd3 a5 40. Kc3 Kg6 41. b3 Rc8+ 42. Kb2 Re8 43. Re1 Ne5 44. Rd1 Nf3 45. Rd5
Rxe4 46. Rxa5 h4 47. gxh4 Nxh4 48. Rc2 g4 49. Ra8 Kf5 50. a5 g3 51. Rg8 Re5 52.
b4 g2 53. a6 1-0

[Event "Europa ch 2014"]
[Site "Yerevan ARM"]
[Date "2014.03.06"]
[Round "4.6"]
[White "Kuzubov, Yuriy"]
[Black "Wojtaszek, Radoslaw"]
[Result "1/2-1/2"]
[WhiteElo "2642"]
[BlackElo "2713"]
[PlyCount "81"]
[EventDate "2014.03.03"]
[EventType "swiss"]
[EventRounds "11"]
[EventCountry "ARM"]
[Source "lmi"]
[SourceDate "2014.03.02"]

1. c4 e5 2. Nc3 Nf6 3. Nf3 Nc6 4. d3 Bb4 5. Bd2 O-O 6. g3 Re8 7. Bg2 Bxc3 8.
Bxc3 d5 9. cxd5 Nxd5 10. O-O Bg4 11. Re1 Qd7 12. Qb3 Nxc3 13. bxc3 Rab8 14. Nd2
Bh3 15. Qd5 Qxd5 16. Bxd5 Ne7 17. Bh1 Bd7 18. f4 exf4 19. gxf4 Bc6 20. e4 f5
21. Rad1 fxe4 22. Bxe4 Nd5 23. Bxd5+ Bxd5 24. Kf2 Rf8 25. Re5 Bc6 26. Ke3 Rf6
27. d4 Rbf8 28. d5 Bd7 29. Re7 R8f7 30. Rxf7 Kxf7 31. Ne4 Rh6 32. Rd2 Ke7 33.
Rg2 g6 34. Ng5 Rh4 35. Nf3 Rh3 36. Rg3 Rh5 37. Rg5 Rh3 38. Rg3 Rh5 39. Rg5 Rh3
40. Rg3 Rh5 41. Rg5 1/2-1/2

[Event "Europa ch 2014"]
[Site "Yerevan ARM"]
[Date "2014.03.06"]
[Round "4.7"]
[White "Fressinet, Laurent"]
[Black "Fedoseev, Vladimir3"]
[Result "1/2-1/2"]
[WhiteElo "2709"]
[BlackElo "2641"]
[PlyCount "80"]
[EventDate "2014.03.03"]
[EventType "swiss"]
[EventRounds "11"]
[EventCountry "ARM"]
[Source "lmi"]
[SourceDate "2014.03.02"]

1. Nf3 c5 2. c4 Nc6 3. Nc3 g6 4. g3 Bg7 5. Bg2 e6 6. d4 cxd4 7. Nb5 d5 8. cxd5
Qa5+ 9. Nd2 Qxb5 10. dxc6 Ne7 11. a4 Qb4 12. b3 Nxc6 13. Ba3 Qa5 14. O-O Bf8
15. Nc4 Qd8 16. b4 Nxb4 17. a5 Nc6 18. Bb2 Be7 19. a6 O-O 20. Qa4 Qc7 21. Rfc1
Rb8 22. Nd2 Qd8 23. Bxc6 bxc6 24. Qxd4 Qxd4 25. Bxd4 Rd8 26. Be3 c5 27. Ne4 Rb6
28. Nxc5 Bxc5 29. Bxc5 Rxa6 30. Bxa7 Rxa1 31. Rxa1 Bb7 32. Be3 Ra8 33. Rxa8+
Bxa8 34. f3 f6 35. Kf2 e5 36. Bc5 e4 37. Ke3 exf3 38. exf3 Kf7 39. Bd4 Ke6 40.
Ba1 Bd5 1/2-1/2

[Event "Europa ch 2014"]
[Site "Yerevan ARM"]
[Date "2014.03.06"]
[Round "4.8"]
[White "Dubov, Daniil"]
[Black "Kryvoruchko, Yuriy"]
[Result "1/2-1/2"]
[WhiteElo "2618"]
[BlackElo "2706"]
[PlyCount "85"]
[EventDate "2014.03.03"]
[EventType "swiss"]
[EventRounds "11"]
[EventCountry "ARM"]
[Source "lmi"]
[SourceDate "2014.03.02"]

1. d4 Nf6 2. c4 e6 3. Nc3 Bb4 4. e3 O-O 5. Nge2 Re8 6. a3 Bf8 7. d5 a5 8. Ng3
Na6 9. Be2 Nc5 10. b3 exd5 11. cxd5 Bd6 12. Bb2 Be5 13. O-O d6 14. Qc2 Bg4 15.
f3 Bd7 16. f4 Bxc3 17. Qxc3 Qe7 18. Rf3 Bg4 19. e4 Qf8 20. Bd3 Rxe4 21. Rf2
Nxd5 22. Qc2 Ne3 23. Qb1 Re7 24. Bxh7+ Kh8 25. h3 Bd7 26. f5 f6 27. Bg6 Be8 28.
Bd4 Kg8 29. Rf3 Bxg6 30. fxg6 Qe8 31. Kf2 Nd5 32. Qf5 Re5 33. Bxe5 dxe5 34. Qh5
Qe6 35. Nf5 Ne4+ 36. Kg1 Ng5 37. h4 Nxf3+ 38. gxf3 Kf8 39. Rd1 Qg8 40. Qg4 Qe6
41. Qh5 Qg8 42. Qg4 Qe6 43. Qh5 1/2-1/2

[Event "Europa ch 2014"]
[Site "Yerevan ARM"]
[Date "2014.03.06"]
[Round "4.9"]
[White "Navara, David"]
[Black "Melkumyan, Hrant"]
[Result "1/2-1/2"]
[WhiteElo "2700"]
[BlackElo "2613"]
[PlyCount "109"]
[EventDate "2014.03.03"]
[EventType "swiss"]
[EventRounds "11"]
[EventCountry "ARM"]
[Source "lmi"]
[SourceDate "2014.03.02"]

1. e4 e5 2. Nf3 Nc6 3. d4 exd4 4. Nxd4 Bc5 5. Nb3 Bb6 6. Nc3 Nf6 7. Qf3 O-O 8.
Bg5 Ne5 9. Qe2 h6 10. Bxf6 Qxf6 11. Nd5 Qh4 12. g3 Qg4 13. f4 Qxe2+ 14. Bxe2
Ng6 15. a4 c6 16. Nxb6 axb6 17. Kf2 Ne7 18. Bf3 Rd8 19. Rhd1 d5 20. exd5 cxd5
21. a5 bxa5 22. Rxa5 Rxa5 23. Nxa5 Bf5 24. Rd2 b6 25. Nb3 Kf8 26. Nd4 Bd7 27.
Rd3 Rc8 28. g4 Ba4 29. c3 Bd7 30. Kg3 Ra8 31. Rd2 Ra2 32. f5 h5 33. h3 hxg4 34.
hxg4 f6 35. Ne2 g6 36. Bxd5 Nxd5 37. Rxd5 Rxb2 38. Nd4 Be8 39. Rd6 gxf5 40.
Rxf6+ Ke7 41. g5 b5 42. Rb6 Rb1 43. Nxf5+ Kd7 44. Kf4 Kc7 45. Ra6 Rc1 46. Ng7
Bd7 47. g6 Rxc3 48. Ne6+ Bxe6 49. Rxe6 Rc1 50. Re5 Kd6 51. Rxb5 Ke7 52. Rf5 Rg1
53. Rg5 Rf1+ 54. Ke4 Kf8 55. Rf5+ 1/2-1/2

[Event "Europa ch 2014"]
[Site "Yerevan ARM"]
[Date "2014.03.06"]
[Round "4.10"]
[White "Ipatov, Alexander"]
[Black "Inarkiev, Ernesto"]
[Result "1/2-1/2"]
[WhiteElo "2614"]
[BlackElo "2698"]
[PlyCount "98"]
[EventDate "2014.03.03"]
[EventType "swiss"]
[EventRounds "11"]
[EventCountry "ARM"]
[Source "lmi"]
[SourceDate "2014.03.02"]

1. d4 Nf6 2. c4 g6 3. Nc3 d5 4. Nf3 Bg7 5. h4 c6 6. Bg5 Nbd7 7. cxd5 cxd5 8.
Qb3 Nb6 9. e3 O-O 10. Bd3 Be6 11. Bxf6 Bxf6 12. h5 Nc4 13. hxg6 hxg6 14. Qc2
Qb6 15. b3 Na3 16. Qd2 Rfc8 17. Ke2 Qd6 18. Kf1 Bg4 19. Nh2 Bd7 20. Nf3 Bc6 21.
Ne2 a5 22. g3 Nc4 23. Qc2 Na3 24. Qb2 Bb5 25. Qd2 Bxd3 26. Qxd3 Nc2 27. Rd1 Qa3
28. Nc3 Nb4 29. Qd2 Ra6 30. Kg2 e6 31. Rb1 Nc6 32. Rbc1 Qb4 33. Rc2 Ne7 34.
Rhc1 Rac6 35. Ne1 Qb6 36. Na4 Qb5 37. Rxc6 Rxc6 38. Rxc6 Nxc6 39. Qd3 Qb4 40.
Nc2 Qe7 41. Qb5 Qc7 42. Nc5 b6 43. Nd3 Na7 44. Qe8+ Kg7 45. Na3 Qe7 46. Qb8
Qxa3 47. Qxa7 Qxa2 48. Qxb6 a4 49. bxa4 Qxa4 1/2-1/2

[Event "Europa ch 2014"]
[Site "Yerevan ARM"]
[Date "2014.03.06"]
[Round "4.11"]
[White "Matlakov, Maxim"]
[Black "Schlosser, Philipp"]
[Result "1/2-1/2"]
[WhiteElo "2695"]
[BlackElo "2612"]
[PlyCount "84"]
[EventDate "2014.03.03"]
[EventType "swiss"]
[EventRounds "11"]
[EventCountry "ARM"]
[Source "lmi"]
[SourceDate "2014.03.02"]

1. d4 Nf6 2. c4 e6 3. Nc3 Bb4 4. Nf3 c5 5. g3 O-O 6. Bg2 Ne4 7. Qc2 cxd4 8.
Nxd4 Nxc3 9. bxc3 Be7 10. O-O Qc7 11. Qa4 Nc6 12. Bf4 e5 13. Nb5 Qb8 14. Bc1 a6
15. Na3 b5 16. Qd1 Ra7 17. Rb1 Rb7 18. cxb5 axb5 19. Nc2 Qa7 20. a3 Rb8 21. Ne3
Bc5 22. Nf5 Qc7 23. a4 bxa4 24. Rxb8 Nxb8 25. Qxa4 d6 26. Ne3 Be6 27. Nd5 Bxd5
28. Bxd5 Nd7 29. Bf3 Nb6 30. Qa6 Rb8 31. Rd1 h6 32. Ba3 Bxa3 33. Qxa3 Nc4 34.
Qa6 g6 35. Bd5 Nb6 36. Bb3 Kg7 37. Qd3 Nc8 38. Bc4 Rb6 39. Bd5 Ne7 40. Bf3 Ng8
41. c4 Nf6 42. h3 Qc5 1/2-1/2

[Event "Europa ch 2014"]
[Site "Yerevan ARM"]
[Date "2014.03.06"]
[Round "4.13"]
[White "Alekseev, Evgeny"]
[Black "Zhigalko, Andrey"]
[Result "1/2-1/2"]
[WhiteElo "2692"]
[BlackElo "2603"]
[PlyCount "73"]
[EventDate "2014.03.03"]
[EventType "swiss"]
[EventRounds "11"]
[EventCountry "ARM"]
[Source "lmi"]
[SourceDate "2014.03.02"]

1. e4 c5 2. Nf3 d6 3. d4 cxd4 4. Qxd4 Nf6 5. Bg5 Nc6 6. Bb5 Bd7 7. Qd3 e6 8.
Nc3 h6 9. Bh4 a6 10. Bxc6 Bxc6 11. O-O-O Be7 12. Nd4 Rc8 13. f4 O-O 14. f5 Bd7
15. Rhe1 b5 16. a3 Qb6 17. g4 Rfe8 18. g5 Ng4 19. Rg1 hxg5 20. Rxg4 gxh4 21.
Rdg1 Bf6 22. Rxg7+ Kf8 23. Rg8+ Ke7 24. fxe6 Bxe6 25. Nxe6 fxe6 26. e5 Rxg8 27.
exf6+ Kxf6 28. Rf1+ Kg7 29. Qf3 Kh6 30. Qf4+ Kh5 31. Qf3+ Kh6 32. Qf4+ Kh5 33.
Qf7+ Rg6 34. Qh7+ Rh6 35. Qf7+ Rg6 36. Qh7+ Rh6 37. Qf7+ 1/2-1/2

[Event "Europa ch 2014"]
[Site "Yerevan ARM"]
[Date "2014.03.06"]
[Round "4.14"]
[White "Cheparinov, Ivan"]
[Black "Andriasian, Zaven"]
[Result "1-0"]
[WhiteElo "2681"]
[BlackElo "2600"]
[PlyCount "121"]
[EventDate "2014.03.03"]
[EventType "swiss"]
[EventRounds "11"]
[EventCountry "ARM"]
[Source "lmi"]
[SourceDate "2014.03.02"]

1. Nf3 Nf6 2. c4 c6 3. d4 d5 4. e3 Bg4 5. Nc3 e6 6. h3 Bxf3 7. Qxf3 Bb4 8. Bd3
Nbd7 9. O-O O-O 10. Rd1 Re8 11. Qe2 Nb6 12. c5 Nbd7 13. a3 Bxc3 14. bxc3 e5 15.
Qc2 e4 16. Bf1 Nf8 17. Rb1 Re7 18. Rb3 Rc8 19. Bd2 Rcc7 20. Rdb1 Qc8 21. c4 Qe6
22. R1b2 g5 23. Qb1 dxc4 24. Rxb7 g4 25. Rxc7 Rxc7 26. h4 g3 27. fxg3 Ng4 28.
Qc1 Qf5 29. Be1 Nd7 30. Bxc4 Ndf6 31. Rb3 Nd5 32. Qd2 h5 33. Qe2 Kg7 34. Bd2
Rd7 35. a4 Qg6 36. a5 Re7 37. Ba6 Qe6 38. Rb8 Re8 39. Rb1 Qg6 40. Rb7 Re7 41.
Rb1 Nh6 42. Bc4 Qxg3 43. Qe1 Qc7 44. Be2 Nf6 45. Qf1 Nhg4 46. Qf4 Qxf4 47. exf4
e3 48. Be1 Re4 49. Rd1 Rxf4 50. Bf3 Ne4 51. d5 Ngf2 52. dxc6 Rxh4 53. g3 Rh3
54. c7 Rxg3+ 55. Kf1 Rxf3 56. c8=Q Ng4+ 57. Ke2 Rh3 58. Qc7 Ngf2 59. Qe5+ f6
60. Rd7+ Kg6 61. Qe8+ 1-0

[Event "Europa ch 2014"]
[Site "Yerevan ARM"]
[Date "2014.03.06"]
[Round "4.15"]
[White "Pashikian, Arman"]
[Black "Laznicka, Viktor"]
[Result "1/2-1/2"]
[WhiteElo "2612"]
[BlackElo "2681"]
[PlyCount "205"]
[EventDate "2014.03.03"]
[EventType "swiss"]
[EventRounds "11"]
[EventCountry "ARM"]
[Source "lmi"]
[SourceDate "2014.03.02"]

1. d4 Nf6 2. Nf3 d5 3. c4 e6 4. Nc3 dxc4 5. e4 Bb4 6. Bg5 c5 7. Bxc4 cxd4 8.
Nxd4 Bxc3+ 9. bxc3 Qa5 10. Nb5 Nxe4 11. Bf4 O-O 12. O-O Nc6 13. Qc2 e5 14. Qxe4
exf4 15. Rfe1 Be6 16. Bxe6 Qxb5 17. Rab1 Qc5 18. Rxb7 fxe6 19. Qxe6+ Kh8 20.
Rc7 Qxc3 21. Rxc6 Qa5 22. h3 Rad8 23. Ra6 Qc7 24. Qe7 Rf7 25. Qe8+ Rf8 26. Qe7
Rf7 27. Qe8+ Rf8 28. Qa4 Rd7 29. Rc6 Qd8 30. Rc4 f3 31. g3 h6 32. Rce4 Qc8 33.
Re6 Kg8 34. Rc6 Qd8 35. Qc4+ Kh8 36. Qc3 Kh7 37. h4 Rd6 38. Rxd6 Qxd6 39. Re3
Rf5 40. Rxf3 Rxf3 41. Qxf3 Qe5 42. Kg2 a5 43. Qd3+ Kh8 44. Qc4 Qe1 45. g4 Qd2
46. Qe6 Qd8 47. Kg3 a4 48. Qe4 a3 49. Qc4 Qd6+ 50. Kg2 Qd8 51. Kg3 Qd6+ 52. Kh3
Qd2 53. Qc8+ Kh7 54. Qf5+ Kg8 55. Qe6+ Kh7 56. Kg2 Qb4 57. Kg3 Qb8+ 58. f4 Qb4
59. Qf5+ Kh8 60. Qc8+ Kh7 61. Qc2+ Kh8 62. g5 hxg5 63. hxg5 g6 64. Kf3 Qb2 65.
Qc4 Kg7 66. Ke4 Kh8 67. Kd5 Kg7 68. Qc7+ Kg8 69. Ke6 Kh8 70. Qe5+ Kh7 71. Qc7+
Kh8 72. Qd8+ Kh7 73. Qe7+ Kg8 74. Qf7+ Kh8 75. Qf8+ Kh7 76. Qh6+ Kg8 77. Qxg6+
Kh8 78. Qf6+ Kg8 79. Qd8+ Kg7 80. Qd5 Qb6+ 81. Kd7 Qa7+ 82. Kc8 Kg6 83. Qe6+
Kh5 84. Qh3+ Kg6 85. Qe6+ Kh5 86. g6 Qa8+ 87. Kc7 Qa7+ 88. Kc6 Qa4+ 89. Kb7
Qxf4 90. g7 Qb4+ 91. Qb6 Qc4 92. Qg1 Qg8 93. Kb6 Kh6 94. Qe3+ Kxg7 95. Qc3+ Kf7
96. Qxa3 Qb8+ 97. Kc6 Qc8+ 98. Kd5 Qe6+ 99. Kd4 Qb6+ 100. Qc5 Qb2+ 101. Qc3
Qxa2 102. Qc4+ Qxc4+ 103. Kxc4 1/2-1/2

[Event "Europa ch 2014"]
[Site "Yerevan ARM"]
[Date "2014.03.06"]
[Round "4.16"]
[White "Hovhannisyan, Robert"]
[Black "Sargissian, Gabriel"]
[Result "1/2-1/2"]
[WhiteElo "2611"]
[BlackElo "2676"]
[PlyCount "103"]
[EventDate "2014.03.03"]
[EventType "swiss"]
[EventRounds "11"]
[EventCountry "ARM"]
[Source "lmi"]
[SourceDate "2014.03.02"]

1. e4 e5 2. Nc3 Nf6 3. Nf3 Nc6 4. d4 exd4 5. Nxd4 Bb4 6. Nxc6 bxc6 7. Bd3 O-O
8. O-O d5 9. exd5 cxd5 10. h3 c6 11. Qf3 Bd6 12. Re1 Rb8 13. b3 h6 14. Ne2 Nd7
15. Bf4 Be5 16. Rad1 Qf6 17. Qg3 Bb7 18. c4 Rbd8 19. cxd5 cxd5 20. Bxe5 Nxe5
21. Nd4 Nxd3 22. Qxd3 Rfe8 23. Qd2 Qb6 24. Re3 a5 25. a3 Re4 26. f3 Rxe3 27.
Qxe3 a4 28. b4 Rc8 29. Kh2 Rc4 30. Qe8+ Kh7 31. Qe5 Qc7 32. Qxc7 Rxc7 33. Nb5
Rc2 34. Nd6 Ba8 35. Kg3 Rb2 36. Rc1 d4 37. Rd1 Rb3 38. Rxd4 Rxa3 39. b5 Ra1 40.
b6 a3 41. Ra4 Bc6 42. b7 Bxb7 43. Nxb7 a2 44. Na5 g6 45. Kf4 Kg7 46. Kg4 h5+
47. Kg5 f6+ 48. Kf4 g5+ 49. Kg3 h4+ 50. Kh2 Kh6 51. Ra3 Kg7 52. Ra4 1/2-1/2

[Event "Europa ch 2014"]
[Site "Yerevan ARM"]
[Date "2014.03.06"]
[Round "4.17"]
[White "Zhigalko, Sergei"]
[Black "Onischuk, Vladimir"]
[Result "1/2-1/2"]
[WhiteElo "2671"]
[BlackElo "2583"]
[PlyCount "142"]
[EventDate "2014.03.03"]
[EventType "swiss"]
[EventRounds "11"]
[EventCountry "ARM"]
[Source "lmi"]
[SourceDate "2014.03.02"]

1. e4 c6 2. d4 d5 3. e5 Bf5 4. Nf3 e6 5. Be2 c5 6. Be3 Qb6 7. Nc3 Qxb2 8. Qb1
Qb4 9. a3 Qa5 10. dxc5 a6 11. O-O Qc7 12. Na4 Nc6 13. Qb2 Nge7 14. c4 Rd8 15.
Rfd1 h6 16. Rac1 g5 17. Nd4 Bg7 18. Qb6 Bxe5 19. Qxc7 Bxc7 20. cxd5 Rxd5 21.
Nb6 Rd8 22. Nc4 Be4 23. f3 Bd5 24. Rb1 O-O 25. Nb6 Nxd4 26. Bxd4 Bc6 27. Bf6
Rxd1+ 28. Rxd1 Nd5 29. Nxd5 Bxd5 30. h4 Bd8 31. hxg5 hxg5 32. Bxd8 Rxd8 33. Bc4
Kf8 34. Kf2 Ke8 35. Bxd5 Rxd5 36. Rb1 Rxc5 37. Rxb7 Rc3 38. Kg3 Rxa3 39. Kg4
Ra5 40. Kh5 Rf5 41. Ra7 a5 42. Kh6 Kd8 43. g4 Rxf3 44. Kxg5 e5 45. Rxa5 Kd7 46.
Kh4 Ke6 47. Ra6+ Kd5 48. Ra5+ Ke4 49. Ra4+ Ke3 50. Ra3+ Kf4 51. Ra7 f6 52. Ra6
Ke3 53. Ra3+ Kf2 54. Ra2+ Kf1 55. g5 fxg5+ 56. Kg4 Rd3 57. Kf5 g4 58. Kxg4 e4
59. Ra1+ Ke2 60. Kf4 e3 61. Kg3 Rd8 62. Ra2+ Kf1 63. Ra1+ Ke2 64. Ra2+ Kd3 65.
Ra3+ Ke4 66. Ra4+ Rd4 67. Ra1 Rc4 68. Kg2 Kf4 69. Ra8 Ke4 70. Kf1 Kd3 71. Rd8+
Rd4 1/2-1/2

[Event "Europa ch 2014"]
[Site "Yerevan ARM"]
[Date "2014.03.06"]
[Round "4.19"]
[White "Goganov, Aleksey"]
[Black "Sjugirov, Sanan"]
[Result "1/2-1/2"]
[WhiteElo "2569"]
[BlackElo "2653"]
[PlyCount "94"]
[EventDate "2014.03.03"]
[EventType "swiss"]
[EventRounds "11"]
[EventCountry "ARM"]
[Source "lmi"]
[SourceDate "2014.03.02"]

1. Nf3 c5 2. c4 Nc6 3. Nc3 e5 4. g3 g6 5. Bg2 Bg7 6. O-O d6 7. a3 Nge7 8. b4 e4
9. Ne1 Be6 10. Rb1 cxb4 11. Nxe4 Bxc4 12. d3 Bb5 13. Bf4 Nf5 14. axb4 d5 15.
Nc5 b6 16. Na4 O-O 17. Bd2 d4 18. Nb2 Rc8 19. Nc2 Nce7 20. Na3 Bc6 21. Bxc6
Rxc6 22. Qa4 Re6 23. Rfe1 Qa8 24. Nb5 Nd5 25. Nc4 Qe8 26. Qa6 Rxe2 27. Nxa7 Nc3
28. Ra1 b5 29. Nd6 Qe6 30. Ne4 Rxe1+ 31. Bxe1 Qb3 32. Nxb5 Ne2+ 33. Kg2 Qxd3
34. Qc6 Qb3 35. Bd2 d3 36. Ra8 Qd1 37. Rxf8+ Bxf8 38. Nf6+ Kh8 39. Qe8 Kg7 40.
Qe5 Qg1+ 41. Kh3 Qf1+ 42. Kg4 Ng1 43. Nc3 Qh3+ 44. Kf4 Qh6+ 45. Kg4 Qh3+ 46.
Kf4 Qh6+ 47. Kg4 Qh3+ 1/2-1/2

[Event "Europa ch 2014"]
[Site "Yerevan ARM"]
[Date "2014.03.06"]
[Round "4.20"]
[White "Antipov, Mikhail Al"]
[Black "Popov, Ivan RUS"]
[Result "1/2-1/2"]
[WhiteElo "2507"]
[BlackElo "2650"]
[PlyCount "126"]
[EventDate "2014.03.03"]
[EventType "swiss"]
[EventRounds "11"]
[EventCountry "ARM"]
[Source "lmi"]
[SourceDate "2014.03.02"]

1. e4 e5 2. Nf3 Nc6 3. Bb5 Nf6 4. d3 Bc5 5. O-O Nd4 6. Nxd4 Bxd4 7. Nd2 c6 8.
Ba4 d6 9. c3 Bb6 10. Nc4 Bc7 11. Ne3 O-O 12. Qf3 d5 13. Nf5 Bxf5 14. Qxf5 dxe4
15. dxe4 h6 16. Rd1 Qe7 17. Rd3 Rad8 18. Rg3 Kh8 19. Bb3 Bb6 20. Rh3 Nh7 21.
Qh5 Rd6 22. Qe2 Rfd8 23. Rf3 Rf6 24. Be3 Bxe3 25. Qxe3 Rxf3 26. Qxf3 Nf6 27.
Qe3 c5 28. f3 Kg8 29. Qe2 a6 30. a4 Kf8 31. a5 Ne8 32. Rd1 Rxd1+ 33. Qxd1 c4
34. Ba2 Qc5+ 35. Kf1 Nd6 36. Qa4 Qe3 37. Qb4 Qd3+ 38. Ke1 Qe3+ 39. Kf1 Qc1+ 40.
Kf2 Qd2+ 41. Kf1 Qd3+ 42. Ke1 Ke7 43. Qc5 Kd7 44. h3 h5 45. h4 Qc2 46. Bxc4
Qxg2 47. Bb3 Qh1+ 48. Ke2 Qa1 49. Qb4 Qxb2+ 50. Kf1 Ke7 51. Ke1 f6 52. Bd5 Qh2
53. c4 Qxh4+ 54. Ke2 Kd7 55. Qb6 Qh2+ 56. Kf1 Qh1+ 57. Kf2 Qh2+ 58. Kf1 Qg3 59.
c5 Qxf3+ 60. Kg1 Qg3+ 61. Kh1 Qh3+ 62. Kg1 Qg4+ 63. Kh1 Qh3+ 1/2-1/2

[Event "Europa ch 2014"]
[Site "Yerevan ARM"]
[Date "2014.03.06"]
[Round "4.21"]
[White "Bacrot, Etienne"]
[Black "Popilski, Gil"]
[Result "1-0"]
[WhiteElo "2739"]
[BlackElo "2503"]
[PlyCount "171"]
[EventDate "2014.03.03"]
[EventType "swiss"]
[EventRounds "11"]
[EventCountry "ARM"]
[Source "lmi"]
[SourceDate "2014.03.02"]

1. d4 Nf6 2. c4 g6 3. Nf3 Bg7 4. g3 c6 5. Nc3 d5 6. Qb3 O-O 7. Bg2 Qb6 8. O-O
Rd8 9. c5 Qxb3 10. axb3 Na6 11. Bf4 Nd7 12. Rfd1 b6 13. b4 Bb7 14. Na2 Re8 15.
Rac1 b5 16. Rc3 f6 17. Bh3 Nf8 18. Ra3 e5 19. dxe5 fxe5 20. Bc1 Nc7 21. e4 a6
22. Re1 Bc8 23. Bxc8 Raxc8 24. Kg2 Nd7 25. Nc3 Re6 26. Ra1 h6 27. Nd2 Rf8 28.
Nb3 Ref6 29. Rf1 Kf7 30. Na5 d4 31. Ne2 Ke7 32. Bd2 R8f7 33. g4 Bf8 34. g5 Re6
35. gxh6 Nf6 36. Ng3 Rh7 37. f4 Bxh6 38. f5 Bxd2 39. fxe6 Kxe6 40. h3 Bxb4 41.
Nxc6 Bxc5 42. Nd8+ Ke7 43. Nc6+ Ke6 44. Nb8 Bd6 45. Nxa6 Nce8 46. b4 Ra7 47.
Nc5+ Bxc5 48. bxc5 Rc7 49. Rfc1 Ng7 50. Ra5 Ke7 51. Rxb5 Ne6 52. c6 Kd6 53. h4
d3 54. Rb3 Nc5 55. Rbc3 Rxc6 56. Kf3 Ra6 57. h5 Ne6 58. hxg6 Nd4+ 59. Ke3 Ke6
60. Kxd3 Rd6 61. Kc4 Nd7 62. Rf1 Ke7 63. Nf5+ Nxf5 64. exf5 Kf6 65. Rh3 e4 66.
Rh8 e3 67. Re8 Ne5+ 68. Kc5 e2 69. Re1 Rd2 70. Kb5 Rd5+ 71. Ka4 Rd4+ 72. Ka3
Rd3+ 73. Ka4 Rd4+ 74. Kb3 Nd3 75. Rf8+ Kg7 76. Rf7+ Kg8 77. Ra1 Rd8 78. f6 Rb8+
79. Kc3 Nc1 80. Rxc1 Rc8+ 81. Kd2 Rxc1 82. Re7 e1=Q+ 83. Rxe1 Rc8 84. Re7 Rf8
85. Rg7+ Kh8 86. Rh7+ 1-0

[Event "Europa ch 2014"]
[Site "Yerevan ARM"]
[Date "2014.03.06"]
[Round "4.22"]
[White "Malakhov, Vladimir"]
[Black "Huzman, Alexander"]
[Result "1/2-1/2"]
[WhiteElo "2717"]
[BlackElo "2569"]
[PlyCount "143"]
[EventDate "2014.03.03"]
[EventType "swiss"]
[EventRounds "11"]
[EventCountry "ARM"]
[Source "lmi"]
[SourceDate "2014.03.02"]

1. Nf3 Nf6 2. g3 c5 3. Bg2 g6 4. b3 Bg7 5. Bb2 d5 6. c4 d4 7. e3 Nc6 8. exd4
cxd4 9. O-O O-O 10. d3 Nd7 11. Ne1 Nc5 12. Ba3 Qb6 13. Bxc5 Qxc5 14. a3 a5 15.
b4 Qb6 16. b5 Ne5 17. Nd2 Bg4 18. Ndf3 Nd7 19. h3 Bxf3 20. Nxf3 Nc5 21. a4 h6
22. Qc2 Rac8 23. Nd2 e6 24. Nb3 Rfd8 25. Nxc5 Rxc5 26. Qe2 Rd7 27. Kh1 Re5 28.
Qf3 Rf5 29. Qe4 Re5 30. Qf4 Qd6 31. b6 Qxb6 32. Rfb1 Qd6 33. Rb3 Bf8 34. Rab1
Rc5 35. Qd2 h5 36. h4 Re5 37. Rxb7 Rxb7 38. Rxb7 Rc5 39. Be4 Kg7 40. Qb2 Be7
41. Rb6 Qd8 42. Rb8 Rc8 43. Rxc8 Qxc8 44. Qxd4+ Kg8 45. Kg2 Qc5 46. Qe3 Qxe3
47. fxe3 f5 48. Bc6 Kf7 49. Kf3 Bd6 50. d4 Ke7 51. c5 Bc7 52. e4 fxe4+ 53. Bxe4
Kf6 54. g4 hxg4+ 55. Kxg4 Bb8 56. Bd3 Bh2 57. Ba6 Bg1 58. c6 Bh2 59. Bc8 Bc7
60. Bd7 Ke7 61. Kg5 Bg3 62. Bc8 Kd6 63. c7 e5 64. dxe5+ Bxe5 65. Kxg6 Kxc7 66.
Be6 Kd6 67. Kf7 Bf4 68. h5 Bc1 69. Ba2 Bd2 70. Kg7 Bc3+ 71. Kg8 Bd2 72. Kg7
1/2-1/2

[Event "Europa ch 2014"]
[Site "Yerevan ARM"]
[Date "2014.03.06"]
[Round "4.24"]
[White "Palac, Mladen"]
[Black "Tomashevsky, Evgeny"]
[Result "1/2-1/2"]
[WhiteElo "2561"]
[BlackElo "2711"]
[PlyCount "83"]
[EventDate "2014.03.03"]
[EventType "swiss"]
[EventRounds "11"]
[EventCountry "ARM"]
[Source "lmi"]
[SourceDate "2014.03.02"]

1. e4 e5 2. Nf3 Nc6 3. Bb5 a6 4. Ba4 Nf6 5. O-O Be7 6. Re1 b5 7. Bb3 d6 8. c3
O-O 9. h3 Nb8 10. d4 Nbd7 11. Nbd2 Bb7 12. Bc2 Re8 13. Nf1 Bf8 14. Ng3 g6 15.
a4 Bg7 16. Bd3 c6 17. Be3 d5 18. dxe5 Nxe5 19. Nxe5 Rxe5 20. Bd4 Re6 21. axb5
axb5 22. Rxa8 Bxa8 23. exd5 Qxd5 24. Rxe6 Qxe6 25. Qa1 Bb7 26. Qa7 Bc8 27. Qa8
Qe8 28. Be2 Bd7 29. Qa7 Be6 30. Bf3 Bd5 31. Bxd5 Nxd5 32. Bxg7 Kxg7 33. Qd4+
Nf6 34. f3 Qd7 35. Ne2 Qe7 36. Kf2 c5 37. Qd3 Qb7 38. b4 cxb4 39. cxb4 Qa7+ 40.
Qd4 Qxd4+ 41. Nxd4 Nd5 42. Nxb5 1/2-1/2

[Event "Europa ch 2014"]
[Site "Yerevan ARM"]
[Date "2014.03.06"]
[Round "4.25"]
[White "Areshchenko, Alexander"]
[Black "Savchenko, Boris"]
[Result "1-0"]
[WhiteElo "2705"]
[BlackElo "2560"]
[PlyCount "81"]
[EventDate "2014.03.03"]
[EventType "swiss"]
[EventRounds "11"]
[EventCountry "ARM"]
[Source "lmi"]
[SourceDate "2014.03.02"]

1. e4 e6 2. d4 d5 3. Nc3 Nf6 4. e5 Nfd7 5. f4 c5 6. Nf3 Nc6 7. Be3 Be7 8. dxc5
Bxc5 9. Qd2 O-O 10. O-O-O Qa5 11. Bxc5 Nxc5 12. Kb1 Bd7 13. h4 Na4 14. Nxa4
Qxa4 15. h5 Rac8 16. c3 f6 17. Bd3 fxe5 18. fxe5 Qf4 19. Qe2 Rf7 20. h6 g6 21.
Rh4 Qg3 22. Rdh1 Rxf3 23. R4h3 Qxe5 24. Qxf3 Rf8 25. Qd1 Qg5 26. Rf3 Ne5 27.
Rxf8+ Kxf8 28. Qf1+ Ke7 29. Bc2 Qe3 30. Rh3 Qd2 31. b3 Bc6 32. Qg1 Kf6 33. Re3
Bb5 34. g4 Nxg4 35. Rf3+ Kg5 36. c4 dxc4 37. Qc5+ Kh4 38. Qxb5 Ne3 39. Rf4+ Kh3
40. Rxc4 Nxc4 41. Qxc4 1-0

[Event "Europa ch 2014"]
[Site "Yerevan ARM"]
[Date "2014.03.06"]
[Round "4.26"]
[White "Dzagnidze, Nana"]
[Black "Almasi, Zoltan"]
[Result "1/2-1/2"]
[WhiteElo "2546"]
[BlackElo "2704"]
[PlyCount "138"]
[EventDate "2014.03.03"]
[EventType "swiss"]
[EventRounds "11"]
[EventCountry "ARM"]
[Source "lmi"]
[SourceDate "2014.03.02"]

1. c4 c5 2. Nf3 Nf6 3. Nc3 Nc6 4. g3 g6 5. Bg2 Bg7 6. O-O O-O 7. d4 cxd4 8.
Nxd4 Qa5 9. e3 Ne5 10. Nb3 Qa6 11. c5 Rb8 12. e4 d6 13. Bf4 Nd3 14. cxd6 exd6
15. Qd2 Nxf4 16. Qxf4 Ng4 17. Rfd1 Ne5 18. Bf1 Qb6 19. Nd5 Qd8 20. Qe3 Re8 21.
Rac1 Nc6 22. Nd4 Bg4 23. Rxc6 Bxd1 24. Rc7 Ba4 25. Bh3 Re5 26. Rc4 Qe8 27. Nf3
Rh5 28. Bg4 Rxd5 29. exd5 Qxe3 30. fxe3 Bd1 31. Ne5 Bxg4 32. Nxg4 Bxb2 33. Kf1
a5 34. Ke2 b5 35. Rc6 b4 36. Rxd6 a4 37. Ra6 a3 38. Nf2 Re8 39. Kd3 Rc8 40. d6
f5 41. d7 Rd8 42. Ra7 Kf7 43. Kc4 Ke7 44. Nd3 Rxd7 45. Rxd7+ Kxd7 46. Kxb4 Kc6
47. Kb3 Bf6 48. Nb4+ Kc5 49. Nc2 Bg5 50. Kc3 Kd5 51. Kd3 Be7 52. Nd4 Bb4 53.
Nf3 Bc5 54. Nd2 Bb4 55. Nf3 Bd6 56. Nd4 Be7 57. Nf3 Bf6 58. Nd2 h5 59. Nc4 Be7
60. Nb6+ Ke6 61. Nc4 Bc5 62. Nd2 Kd5 63. Nf3 Be7 64. Nd2 g5 65. Nf3 Bf6 66. Ng1
Bd8 67. Nf3 Bf6 68. Ne1 Be5 69. Nf3 Bf6 1/2-1/2